ATKINS' PHYSICAL CHEMISTRY (Record no. 16112)

MARC details
000 -LEADER
fixed length control field 00323nam a22001457a 4500
003 - CONTROL NUMBER IDENTIFIER
control field SGT
020 ## - INTERNATIONAL STANDARD BOOK NUMBER
International Standard Book Number 978-0-19-881474-0
082 ## - DEWEY DECIMAL CLASSIFICATION NUMBER
Classification number 615.19
Item number A18A
100 ## - MAIN ENTRY--PERSONAL NAME
Personal name ATKINS,PETER
245 ## - TITLE STATEMENT
Title ATKINS' PHYSICAL CHEMISTRY
260 ## - PUBLICATION, DISTRIBUTION, ETC. (IMPRINT)
Place of publication, distribution, etc UNITED KINGDOM
Name of publisher, distributor, etc OXFORD
Year of Publication 2018
300 ## - PAGE DESCRIPTION
No. of Pages 858
650 ## - SUBJECT ADDED ENTRY--TOPICAL TERM
Topical term or geographic name as entry element PHARMACY
942 ## - ADDED ENTRY ELEMENTS (KOHA)
Source of classification or shelving scheme Dewey Decimal Classification
Koha item type Books
942 ## - ADDED ENTRY ELEMENTS (KOHA)
-- 1
Holdings
Withdrawn status Lost status Source of classification or shelving scheme Damaged status Use restrictions Not for loan Collection code Home library Current library Shelving location Date acquired Vendor Name Cost, normal purchase price SGTU Bill Number Total Checkouts Full call number Accession No. (Barcode) Date last seen Date last borrowed Bill Date Koha item type
    Dewey Decimal Classification   Restricted Access   PHARMACY SGT FA-FP Library SGT FA-FP Library Reference Book 03/10/2018 AHUJA PUB 735.00 SGTU 10165 1 615.19 A18A FP3060 28/02/2022 28/02/2022 25/09/2018 Books
    Dewey Decimal Classification   Restricted Access   PHARMACY SGT FA-FP Library SGT FA-FP Library Reference Book 03/10/2018 AHUJA PUB 735.00 SGTU 10165   615.19 A18A FP3061 03/10/2018   25/09/2018 Books